00526nam a2200157Ia 450000500170000000800410001704000190005804100120007708200130008910000270010224501430012926000360027230000240030865000260033285000100035820230916105025.0131103s9999 xx 000 0 und d aLoreto College aEnglish a919bSTE aStevenson,Robert Louis aIn the south Seab bring an account of experiences and observations in The Marquesas,Paumotus and Gilbert Islands cRobert Louis Stevenson aLondonbChatto and Windusc1921 avii,343 p.b 19 cm. aSouth Sea - Geography aLCLIB